000 00782nam a2200265Ia 4500
003 OSt
005 20221005093114.0
006 a|||||r|||| 00| 0
007 ta
008 221004b |||||||| |||| 00| 0 eng d
020 _a0671255967 (hbk)
024 _a121746
037 _bGift, 06/10/2012,
_cTextual
040 _aCRL
_cCRL
_beng
041 _2eng
_aeng
082 _aXvxN119:g, M0
100 _aHeilbroner Robert L.
245 0 _aWorldly philosophers
_b The lives, times, and ideas of the great economic thinkers
250 _a5th
260 _aNew York
_bTouchstone Book U.S.A
_c1980
300 _a347p.
_ccm.
650 _aECONOMICS
942 _hXvxN119:g, M0
_cTEXL
_2cc
999 _c999831
_d999831